Tilastot visalle Historiavisat: 1950-luku

Klikkaa tästä pelataksesi tätä visaa!

Yleistilastot

  • Tätä visaa on pelattu 60 kertaa
    (56 viimeisimmän päivityksen jälkeen)
  • Keskiarvotulos 12 / 19

Vastaustilastot

% Oikein
1955Väinö Linnan teos _____ julkaistiinTuntematon sotilas
94%
1951Ensimmäinen _____ -sarjakuvalehti julkaistiin SuomessaAku Ankka
89%
1951Ensimmäiset _____ ajettiin JyväskylässäJyväskylän suurajot
89%
1957Säveltäjä _____ menehtyiJean Sibelius
87%
1955Suomesta tuli _____ jäsenYK:n
85%
1952Iso-Britannian hallitsijaksi nousi _____Elisabet II
83%
1952Suomi maksoi viimeiset _____ Neuvostoliitollesotakorvaukset
83%
1959_____ tuli Kuuban presidenttiFidel Castrosta
74%
1957Ensimmäinen sateliitti _____ laukaistiin avaruuteenSputnik 1
70%
1954Säännöstely päättyi Suomessa;
viimeinen elintarvike _____ vapautettiin
kahvi
68%
1950Ensimmäiset _____ -ajot järjestettiin SilverstonessaFormula 1
64%
1955_____ sota alkoiVietnamin
64%
1952_____ tuli ensimmäinen Miss UniversumArmi Kuuselasta
57%
1953_____ tuli Jugoslavian ensimmäinen presidenttiTitosta
49%
1956Unkarissa tapahtui _____kansannousu
38%
1951Kiina valloitti itsenäisen _____Tiibetin
38%
1959Kaksi naista surmattiin _____ leirintäalueellaTulilahden
21%
1958_____ esikoisteos Ihmisiä telineillä julkaistiinKalle Päätalon
19%
1958_____ aloitti vakituiset televisiolähetyksetSuomen Televisio
11%

Tulosjakauma

Persentiili vastausten määrän mukaan

Jokaisen tuloksen saaneiden osuus

Tuloshistoriasi

Et ole pelannut tätä visaa sen viimeisimmän päivityksen jälkeen